A mobs of Minecraft treasury / (Record no. 405018)
[ view plain ]
| 000 -LEADER | |
|---|---|
| fixed length control field | 01222nam a2200313 i 4500 |
| 001 - CONTROL NUMBER | |
| control field | fol21039440 |
| 005 - DATE AND TIME OF LATEST TRANSACTION | |
| control field | 20250303161721.0 |
| 008 - FIXED-LENGTH DATA ELEMENTS--GENERAL INFORMATION | |
| fixed length control field | 231228s2024 nyua b 000 1 eng d |
| 020 ## - INTERNATIONAL STANDARD BOOK NUMBER | |
| International Standard Book Number | 9780593807682 |
| Qualifying information | trade |
| 040 ## - CATALOGING SOURCE | |
| Original cataloging agency | ICrlF |
| Language of cataloging | eng |
| Description conventions | rda |
| Transcribing agency | ICrlF |
| Modifying agency | ICrlF |
| 082 04 - DEWEY DECIMAL CLASSIFICATION NUMBER | |
| Classification number | [E] |
| Edition number | 23 |
| 092 ## - LOCALLY ASSIGNED DEWEY CALL NUMBER (OCLC) | |
| Classification number | children picture book |
| Item number | Minecraft |
| 100 1# - MAIN ENTRY--PERSONAL NAME | |
| Personal name | Webster, Christy, |
| Relator term | author. |
| 9 (RLIN) | 5727921 |
| 245 12 - TITLE STATEMENT | |
| Title | A mobs of Minecraft treasury / |
| Statement of responsibility, etc | by Christy Webster ; illustrated by Alan Batson. |
| 246 30 - VARYING FORM OF TITLE | |
| Title proper/short title | Minecraft treasury. |
| 264 #1 - Production, Publication, Distribution, Manufacture, and Copyright Notice. | |
| Place of production, publication, distribution, manufacture | New York : |
| Name of producer, publisher, distributor, manufacturer | Random House, |
| Date of production, publication, distribution, manufacture, or copyr | [2024] |
| 300 ## - PHYSICAL DESCRIPTION | |
| Extent | 1 volume (unpaged) : |
| Other physical details | color illustrations ; |
| Dimensions | 20 cm. |
| 336 ## - Content Type | |
| Content type term | text |
| 337 ## - Media type | |
| Media type term | unmediated |
| 338 ## - Carrier type | |
| Carrier type term | volume |
| 500 ## - GENERAL NOTE | |
| General note | "3 all-new stories!"--Front cover. |
| 505 00 - FORMATTED CONTENTS NOTE | |
| Title | Guardian of the depths! -- |
| -- | Journey of the snow golem -- |
| -- | I escaped an Enderman! |
| 520 ## - SUMMARY, ETC. | |
| Summary, etc | In these three different stories, new Minecraft player Sam encounters guardians, a snow golem, and Endermen. |
| 650 #0 - SUBJECT ADDED ENTRY--TOPICAL TERM | |
| Topical term or geographic name as entry element | Minecraft (Game) |
| Form subdivision | Juvenile fiction. |
| 9 (RLIN) | 5713919 |
| 655 #7 - INDEX TERM--GENRE/FORM | |
| Genre/form data or focus term | Picture books. |
| Source of term | lcgft |
| 655 #7 - INDEX TERM--GENRE/FORM | |
| Genre/form data or focus term | Fiction. |
| Source of term | lcgft |
| 9 (RLIN) | 5673940 |
| 700 1# - ADDED ENTRY--PERSONAL NAME | |
| Personal name | Batson, Alan, |
| Relator term | illustrator. |
| 9 (RLIN) | 5847969 |
| 942 ## - ADDED ENTRY ELEMENTS (KOHA) | |
| Source of classification or shelving scheme | Dewey Decimal Classification |
| Koha item type | BOOK |
| Withdrawn status | Lost status | Source of classification or shelving scheme | Damaged status | Not for loan | Collection code | Home library | Current library | Shelving location | Date acquired | Source of acquisition | Total Checkouts | Total Renewals | Full call number | Barcode | Checked out | Date last seen | Date checked out | Cost, replacement price | Price effective from | Koha item type |
|---|---|---|---|---|---|---|---|---|---|---|---|---|---|---|---|---|---|---|---|---|
| Dewey Decimal Classification | Children Picture Books | Wasatch County Library | Wasatch County Library | Main Floor Childrens Area | 03/03/2025 | Penworthy | 6 | 10 | E Minecraft | 34301002147785 | 05/05/2026 | 03/09/2026 | 03/09/2026 | 12.99 | 03/03/2025 | BOOK |
